Negociaȯ̂ Coletiva em Tempos de Crise

Detalles Bibliográficos
Autor principal: Meirelles, Davi Furtado
Formato: eBook
Lenguaje:portugués
Publicado: San Pablo: LTR, 2018
Materias:
Acceso en línea:Acceso restringido

MARC

LEADER 00000nam a22000007a 4500
005 20190519161014.0
007 cr|||| ||||
008 190519s2018 br |||||s|||| 00||0 por d
020 |a 978-85-361-9856-9 
035 |a 23423 
040 |a vLex 
090 |c 8772  |d 8772 
100 1 |a Meirelles, Davi Furtado 
245 1 0 |a Negociaȯ̂ Coletiva em Tempos de Crise  |h [Recurso electrn̤ico] /  |c Davi Furtado Meirelles 
256 |a Servicio en ln̕ea 
260 |a San Pablo:  |b LTR,  |c 2018 
300 |a 1 recurso electrn̤ico 
500 |a A polm̊ica discussô da prevaln̊cia do negociado sobre o legislado tem estimulado vr̀ios estudos sobre o real alcance da autonomia privada coletiva nas relaė̳s de trabalho. A liberdade de negociar e, com isso, buscar uma regulamentaȯ̂ mais prx̤ima da realidade para as partes diretamente interessadas, notadamente em tempos de crises econm̥icas, pode autorizar a nô aplicaȯ̂ de direitos legislados, e h ̀muito regulamentados? A flexibilizaȯ̂ desses direitos importaria, necessariamente, a desregulamentaȯ̂ dos mesmos? Em havendo clùsulas compensatr̤ias, ̌possv̕el e vl̀ida a negociaȯ̂ que deixa de aplicar direitos consagrados na legislaȯ̂ trabalhista, sem comprometer o princp̕io protetivo do trabalhador? A anl̀ise dessas queste̳s est ̀em jogo quando se busca alcanȧr o maior equilb̕rio possv̕el nas relaė̳s coletivas de trabalho. 
506 1 |a Disponible solo en los productos indicados  |d vLex Global  |d vLex Global (Academic Edition, excluding Law Schools)  |d vLex Global (U.S. Academic Edition, Law Schools)  |d vLex Global (U.S. Academic Edition, excluding Law Schools)  |d vLex Global (Academic Edition, Law Schools) 
650 0 4 |a Derecho Laboral y Seguridad Social  |z Brasil 
740 0 |a vLex Libros (Servicio en ln̕ea) 
856 4 0 |u http://vlex.com/source/negocia-o-coletiva-em-tempos-de-crise-23423  |z Acceso restringido 
942 |c BOOK 
999 0 |a Labor law and social security